000 00333nam a2200145 i 4500
001 bg
100 1 _aNAJNEL, Dż.
245 0 _aAkkumuljatornye batarei /
_cDż. Najnel.
250 _aIzdanie cetvertoe.
260 _aMoskva,
_c1960.
040 _cBPK
041 _apol
942 _cKS
008 s pl f |000 0 pol
999 _c13196
_d13196
856 _uhttp://koha.tu.koszalin.pl/cgi-bin/koha/opac-detail.pl?biblionumber=13196
_yKatalog online BPK